Virilità e impotenza /

Đã lưu trong:
Chi tiết về thư mục
Tác giả chính: De Mattia, Giancarlo (Tác giả)
Định dạng: Sách
Ngôn ngữ:Tiếng Italy
Được phát hành: Roma : Tascabili Economici Newton, 1996
Loạt:Il sapere ; 109
Những chủ đề:
Các nhãn: Thêm thẻ
Không có thẻ, Là người đầu tiên thẻ bản ghi này!

MARC

LEADER 00000nam a22000007i 4500
001 IT\ICCU\UM1\0024989
003 ItRI
005 20260320161830.0
008 961007s1996 it |||||| ||||| |||||c
020 |a 888183393X 
040 |b ita  |c arcigay brescia 
041 7 |a ita  |2 ISO-639-2 
100 1 |a De Mattia, Giancarlo  |0 IT\ICCU\RAVV\090768  |4 aut 
245 1 0 |a Virilità e impotenza /  |c Giancarlo De Mattia. 
260 |a Roma :  |b Tascabili Economici Newton,  |c 1996 
300 |a 88 p. ;  |c 20 cm. 
650 7 |a Impotenza sessuale  |2 scbi 
830 3 |a Il sapere ;  |v 109  |0 IT\ICCU\RAV\0233857 
942 |2 ddc  |c BK 
952 |0 0  |1 0  |2 ddc  |4 0  |6 23  |7 0  |9 28285  |a BS  |b BS  |d 2026-02-06  |i 99  |l 0  |o 2-3-*  |r 2026-02-06 22:40:32  |w 2026-02-06  |x [REVISIONARE]  |y BK 
999 |c 23981  |d 23981